Statistics for 2000s Albums

Click here to take the quiz!

General Stats

  • This quiz has been taken 12,953 times
  • The average score is 12 of 22

Answer Stats

YearAlbumArtist or Group% Correct
2004American IdiotGreen Day
92%
2000The Marshall Mathers LPEminem
87%
2008I Am... Sasha FierceBeyoncé Knowles
71%
2009The FameLady Gaga
71%
2006Back to BlackAmy Winehouse
67%
2003Get Rich or Die Tryin'50 Cent
62%
2004The College DropoutKanye West
61%
2003The Black AlbumJay-Z
60%
2006FutureSex/LoveSoundsJustin Timberlake
58%
2005X&YColdplay
57%
2003ElephunkThe Black Eyed Peas
53%
2003Speakerboxxx/
The Love Below
Outkast
49%
2008Tha Carter IIILil Wayne
46%
2000Hybrid TheoryLinkin Park
44%
2005Demon DaysGorillaz
42%
2004ConfessionsUsher
40%
2004Hot FussThe Killers
39%
2007In RainbowsRadiohead
38%
2004How to Dismantle an
Atomic Bomb
U2
38%
2002Come Away with MeNorah Jones
32%
2001Is This ItThe Strokes
27%
2002Yoshimi Battles the
Pink Robots
The Flaming Lips
19%

Score Distribution

Percentile by Number Answered

Percent of People with Each Score

Your Score History

You have not taken this quiz